| 000 | 01376cam a22003375a 4500 | ||
|---|---|---|---|
| 003 | EG-ScBUE | ||
| 005 | 20220526104825.0 | ||
| 008 | 100926r20102006enka f 000 0 eng d | ||
| 020 | _a9780194715676 | ||
| 040 |
_aEG-ScBUE _beng _erda _cEG-ScBUE _dEG-ScBUE |
||
| 082 | 0 | 4 |
_a428.24 _bPHI _222 |
| 100 | 1 |
_aPhilpot, Sarah, _eauthor. _930903 |
|
| 245 | 1 | 0 |
_aAcademic skills : _breading, writing, and study skills. _nlevel 2, _pStudent's book / _cSarah Philpot ; series editors John, Liz Soars. |
| 246 | 3 | 0 | _aStudent's book |
| 250 | _aReprinted edition. | ||
| 264 | 1 |
_aOxford : _bOxford University Press, _c2010. |
|
| 300 |
_a71 pages : _billustrations ; _c28 cm. |
||
| 336 |
_2rdacontent _atext _btxt |
||
| 337 |
_2rdamedia _aunmediated _bn |
||
| 338 |
_2rdacarrier _avolume _bnc |
||
| 490 | 0 | _aNew headway | |
| 520 | _aAimed at student in higher education who need English for their academic studies. Focuses on reading, writing and study skills, including those required for vocabulary development and for undertaking research. | ||
| 590 | _arana | ||
| 650 | 7 |
_aEnglish language _xStudy and teaching (Higher) _xForeign speakers. _2BUEsh _98050 |
|
| 650 | 7 |
_aStudy skills. _2BUEsh |
|
| 653 |
_bHHUUEENN _cJuly2019 |
||
| 655 |
_vReading book _934232 |
||
| 700 | 1 |
_aSoars, John, _d1951- _eeditor. _934639 |
|
| 700 | 1 |
_aSoars, Liz, _d1945- _eeditor. _934639 |
|
| 942 |
_2ddc _cBB |
||
| 999 |
_c27043 _d27015 |
||